| 000 | 00556nam a2200181 i 4500 | ||
|---|---|---|---|
| 001 | 22307 | ||
| 003 | ES-MaACL | ||
| 005 | 20230906152654.0 | ||
| 007 | t| | ||
| 008 | 021202s1957 sp ||||1| spa d | ||
| 100 | 1 |
_aAlonso Amat, Fernando. _920256 |
|
| 245 | 1 | 0 |
_aIris y el viento / _cFernando Alonso Amat ; [prólogo de Ramón Otero Pedrayo]. |
| 260 |
_aMadrid : _bInsula, _c1957 ( _fArges) |
||
| 300 |
_a260 p. ; _c20 cm. |
||
| 700 | 1 |
_aOtero Pedrayo, Ramón, _d1888-1976 _987917 |
|
| 852 |
_aES-MaACL _jC-11860 _bR.39863 |
||
| 999 |
_c22307 _d22307 |
||